La guirnalda de Afrodita (Record no. 76596)
[ view plain ]
| 000 -LEADER | |
|---|---|
| campo de control de longitud fija | 00738nam a2200193 i 4500 |
| 001 - NÚMERO DE CONTROL | |
| campo de control | 76596 |
| 003 - IDENTIFICADOR DE NÚMERO DE CONTROL | |
| campo de control | ES-MaACL |
| 005 - FECHA Y HORA DE LA ÚLTIMA TRANSACCIÓN | |
| campo de control | 20250416221831.0 |
| 007 - CAMPO FIJO DE DESCRIPCIÓN FÍSICA--INFORMACIÓN GENERAL | |
| campo de control de longitud fija | t| |
| 008 - DATOS DE LONGITUD FIJA--INFORMACIÓN GENERAL | |
| campo de control de longitud fija | 041004s1979 sp ||||1| spa d |
| 245 03 - MENCIÓN DEL TÍTULO | |
| Título | La guirnalda de Afrodita |
| Resto del título | : colección de epigramas amorosos de la antología griega / |
| Mención de responsabilidad, etc. | por A. Ferdinand Herold ; versión, Enrique Fernández Latour ; introducción, nrique Antonio Villena. |
| 260 ## - PUBLICACIÓN, DISTRIBUCIÓN, ETC. | |
| Lugar de publicación, distribución, etc. | [Madrid : |
| Nombre del editor, distribuidor, etc. | Alberto Corazón, |
| Fecha de publicación, distribución, etc. | 1979] ( |
| Fabricante | Montaña) |
| 300 ## - DESCRIPCIÓN FÍSICA | |
| Extensión | 187 p. ; |
| Dimensiones | 19 cm. |
| 700 1# - ENTRADA AGREGADA--NOMBRE PERSONAL | |
| Nombre de persona | Herold, A. Ferdinand. |
| 9 (RLIN) | 63127 |
| 700 1# - ENTRADA AGREGADA--NOMBRE PERSONAL | |
| Nombre de persona | Fernández Latour, Enrique. |
| 9 (RLIN) | 49865 |
| 700 1# - ENTRADA AGREGADA--NOMBRE PERSONAL | |
| Nombre de persona | Villena, Luis Antonio de, |
| Fechas asociadas al nombre | 1951- |
| 9 (RLIN) | 240059 |
| 852 ## - LOCALIZACIÓN | |
| Ubicación | ES-MaACL |
| Número de control de estantería | A-10926 |
| Sublocalización o colección | R.99523 |
| Estatus retirado | Estado de pérdida | Estado de daño | No para préstamo | Biblioteca de origen | Biblioteca actual | Ubicación en estantería | Fecha de adquisición | Fuente de adquisición | Total de préstamos | Signatura topográfica completa | Código de barras | Visto por última vez | Precio de reemplazo | Tipo de ítem Koha |
|---|---|---|---|---|---|---|---|---|---|---|---|---|---|---|
| Biblioteca del Ateneo de Madrid | Biblioteca del Ateneo de Madrid | Depósito 1 | 17/01/2008 | A-10926 | 1080151 | 23/02/2023 | 23/02/2023 | Libro impreso |
